LIBRARY & INFORMATION CENTRE, KCAET, TAVANUR

ONLINE PUBLIC ACCESS CATALOGUE (OPAC)

Historical method / (Record no. 689)

MARC details
000 -LEADER
fixed length control field 00386cam a2200145ua 4500
041 ## - LANGUAGE CODE
Language code of text/sound track or separate title eng
082 ## - DEWEY DECIMAL CLASSIFICATION NUMBER
Classification number 954
Item number NIL/HI
100 ## - MAIN ENTRY--AUTHOR NAME
Personal name Nilakanda sastri Ramanna, .
245 ## - TITLE STATEMENT
Title Historical method /
260 ## - PUBLICATION, DISTRIBUTION, ETC. (IMPRINT)
Place of publication Madras :
Name of publisher S.Viswanathan,Central art press ,
Year of publication 1956.
300 ## - PHYSICAL DESCRIPTION
Number of Pages 181 ; .
942 ## - ADDED ENTRY ELEMENTS (KOHA)
Koha item type Books
Holdings
Withdrawn status Lost status Damaged status Home library Current library Date acquired Cost, normal purchase price Full call number Accession Number Koha item type Public note
Withdrawn     KAUAET Sanskrit University 07/04/2012 2.50 954 7430 Books Transferred to Sanskrit University
free website counter